01311nam a2200301 a 4500001001200000003000800012006001900020007001500039008004100054020001800095020002700113040002100140035002100161050002400182100002000206245008800226260003100314300002300345440002600368504005100394505019600445533015200641650002700793655002900820710001700849856012600866999001700992ebr10667430CaPaEBRm u cr cn|||||||||130312s2013 si a sb 001 0 eng d z9781118122839 z9781118122822 (e-book) aCaPaEBRcCaPaEBR a(OCoLC)83458584914aHG4026b.R35 2013eb0 aRajiv Rajendra.14aThe handbook of global corporate treasuryh[electronic resource] /cRajiv Rajendra. aSingapore :bWiley,c2013. axx, 514 p. :bill. 0aWiley corporate F & A aIncludes bibliographical references and index.0 apt. 1. The world of corporate treasury -- pt. 2. Transactions and cash management -- pt. 3. Balance sheet and liquidity management -- pt. 4. Markets and risk management -- pt. 5. The toolkit. aElectronic reproduction.bPalo Alto, Calif. :cebrary,d2013.nAvailable via World Wide Web.nAccess may be limited to ebrary affiliated libraries. 0aCorporationsxFinance. 7aElectronic books.2local2 aebrary, Inc.40uhttp://site.ebrary.com/lib/rucke/Doc?id=10667430zAn electronic book accessible through the World Wide Web; click to view c61367d61367